[Event "19th EUR-ch"]
[Site "Batumi GEO"]
[Date "2018.03.28"]
[Round "11.19"]
[White "Savchenko, Boris"]
[Black "Berkes, Ferenc"]
[Result "1-0"]
[WhiteElo "2550"]
[BlackElo "2671"]
[EventDate "2018.03.17"]
[PlyCount "143"]

1.Nf3 d5 2.c4 e6 3.d4 Nf6 4.Nc3 Nbd7 5.Bf4 dxc4 6.e3 Nd5 7.Bxc4 Nxf4 8.
exf4 Nb6 9.Bb3 g6 10.Ne5 Bg7 11.Qd2 Bd7 12.O-O O-O 13.Rac1 a5 14.a3 a4 15.
Ba2 Bc6 16.Nxc6 bxc6 17.Rfd1 Qd7 18.Qc2 Rfb8 19.Ne4 Nd5 20.Nc5 Qd6 21.Bxd5
cxd5 22.g3 Qc6 23.Rd3 Qb5 24.Rd2 Rb6 25.Qd1 h5 26.Rc3 Qe8 27.Qe2 Ra5 28.
Qd1 Bf8 29.Nd3 Rc6 30.Rdc2 Rxc3 31.Rxc3 Ra7 32.Qc2 Bd6 33.Ne5 Kg7 34.Nd3 
Ra8 35.Kg2 Qb5 36.Qd2 Rb8 37.h4 Qb6 38.Qe3 Qa7 39.Kf3 Rb5 40.g4 hxg4+ 41.
Kxg4 Qb8 42.h5 gxh5+ 43.Kxh5 Qh8+ 44.Kg4 Kf8 45.Kf3 Qh5+ 46.Kg2 Ke7 47.Qh3
Qxh3+ 48.Kxh3 Kf6 49.Kg4 Rb8 50.Rc1 Rb3 51.Rd1 Kg6 52.Rd2 f6 53.Rd1 Kf7 
54.Kh5 c6 55.Rd2 Bc7 56.Nc5 Rb8 57.Kg4 f5+ 58.Kf3 Bd6 59.Nxa4 Rb3+ 60.Ke2 
Bxf4 61.Rc2 e5 62.Nc5 Rb6 63.dxe5 Ke7 64.Nd3 Bh6 65.a4 Ra6 66.b3 Bf8 67.
Nb4 Rb6 68.Nxc6+ Kd7 69.Nd4 f4 70.a5 Ra6 71.e6+ Kd6 72.b4 1-0

[Event "19th EUR-ch"]
[Site "Batumi GEO"]
[Date "2018.03.28"]
[Round "11.20"]
[White "Shevchenko, Kirill"]
[Black "Piorun, Kacper"]
[Result "1-0"]
[WhiteElo "2545"]
[BlackElo "2653"]
[EventDate "2018.03.17"]
[PlyCount "89"]

1.e4 c5 2.Nf3 e6 3.d4 cxd4 4.Nxd4 a6 5.Bd3 Bc5 6.Nb3 Be7 7.Qg4 g6 8.Qe2 d6
9.O-O Nd7 10.a4 Ne5 11.a5 Nf6 12.Be3 O-O 13.Nc3 Bd7 14.Rae1 Re8 15.Bb6 Qb8
16.f4 Nxd3 17.cxd3 Bc6 18.Qf2 Qc8 19.h3 Qd7 20.Nd4 e5 21.Nxc6 bxc6 22.d4 
exf4 23.Qxf4 Rf8 24.Qf3 Nh5 25.g4 Ng7 26.b4 f5 27.d5 Bh4 28.Rc1 fxg4 29.
Qxg4 Rxf1+ 30.Rxf1 Qxg4+ 31.hxg4 Rc8 32.dxc6 Rxc6 33.Nd5 Ne6 34.Ra1 Rc2 
35.b5 Ng5 36.Ra3 Rc1+ 37.Kg2 Rc2+ 38.Kg1 Rc1+ 39.Kg2 Rc2+ 40.Kf1 Nxe4 41.
bxa6 Rc1+ 42.Ke2 Re1+ 43.Kd3 Nf2+ 44.Kc4 Re4+ 45.Kb5 1-0

[Event "19th EUR-ch"]
[Site "Batumi GEO"]
[Date "2018.03.28"]
[Round "11.21"]
[White "Huschenbeth, Niclas"]
[Black "Grandelius, Nils"]
[Result "0-1"]
[WhiteElo "2549"]
[BlackElo "2646"]
[EventDate "2018.03.17"]
[PlyCount "62"]

1.e4 e5 2.Nf3 Nc6 3.Bc4 Nf6 4.d3 h6 5.O-O d6 6.c3 g5 7.Re1 Bg7 8.d4 Bg4 9.
Bb5 Nd7 10.d5 Ne7 11.h3 Bxf3 12.Bxd7+ Qxd7 13.Qxf3 Ng6 14.Nd2 h5 15.Nf1 g4
16.hxg4 hxg4 17.Qf5 Qxf5 18.exf5 Ne7 19.Ne3 Rh5 20.f6 Bxf6 21.Nxg4 Bg7 22.
c4 f5 23.Ne3 Kd7 24.f3 Rg8 25.Bd2 e4 26.fxe4 f4 27.Nd1 Bd4+ 28.Kf1 Rh1+ 
29.Ke2 Rxg2+ 30.Kd3 Rh3+ 31.Kxd4 Rxd2# 0-1

[Event "19th EUR-ch"]
[Site "Batumi GEO"]
[Date "2018.03.28"]
[Round "11.22"]
[White "Onischuk, Vladimir"]
[Black "Hakobyan, Aram"]
[Result "1/2-1/2"]
[WhiteElo "2632"]
[BlackElo "2497"]
[EventDate "2018.03.17"]
[PlyCount "168"]

1.e4 e5 2.Nf3 Nc6 3.Bc4 Nf6 4.d3 Be7 5.Bb3 O-O 6.Nbd2 d5 7.c3 dxe4 8.dxe4 
Bc5 9.O-O Qe7 10.Bc2 a5 11.Nc4 Rd8 12.Qe2 Nh5 13.Kh1 Nf4 14.Bxf4 exf4 15.
Rae1 Re8 16.e5 f5 17.Ncd2 Be6 18.Bb3 h6 19.Qb5 Bb6 20.Bxe6+ Qxe6 21.Nc4 
Ra6 22.h4 Na7 23.Qa4 Bxf2 24.Rxf2 b5 25.Qc2 Qxc4 26.Qxf5 Rf8 27.Qe4 Qxa2 
28.e6 Nc8 29.Nd4 Nd6 30.Qe5 Raa8 31.Ref1 Qc4 32.Kh2 Rae8 33.Rxf4 Qxf1 34.
Rxf1 Rxf1 35.Qc5 Re7 36.Qa7 a4 37.Qa8+ Rf8 38.Qd5 Kh8 39.g4 Rf2+ 40.Kh3 
Rxb2 41.Nf5 Re8 42.Qe5 Nxf5 43.gxf5 c6 44.f6 Rf2 45.f7 Rxf7 46.exf7 Rxe5 
47.f8=Q+ Kh7 48.Kg2 Re6 49.h5 Re5 50.Qf3 a3 51.Qxc6 Rxh5 52.Qe4+ g6 53.
Qe7+ Kg8 54.Qe6+ Kg7 55.Qe7+ Kg8 56.Kf3 Rf5+ 57.Ke4 Kh8 58.Qxa3 Kg7 59.
Qe7+ Kg8 60.Kd3 Kh8 61.Kc2 Kg8 62.Kb3 Kh8 63.Kb4 Kg8 64.Qe3 Kg7 65.Ka5 Kh7
66.Kb6 Kg7 67.Qc1 Kh7 68.Kc6 Kg7 69.Qa1 Kg8 70.Kd6 Kh7 71.Ke6 Kg8 72.Qa7 
Kh8 73.Qc7 Kg8 74.Qh2 Kg7 75.Qh4 Kh7 76.Qd4 Kg8 77.Qd2 Kg7 78.Qe3 Rf6+ 79.
Ke5 Rf5+ 80.Ke4 Kh7 81.Qd4 Kg8 82.Qg1 Kg7 83.Qh1 Kh7 84.Qa1 Kg8 1/2-1/2

[Event "19th EUR-ch"]
[Site "Batumi GEO"]
[Date "2018.03.28"]
[Round "11.23"]
[White "Djukic, Nikola"]
[Black "Erdos, Viktor"]
[Result "1/2-1/2"]
[WhiteElo "2523"]
[BlackElo "2627"]
[EventDate "2018.03.17"]
[PlyCount "49"]

1.e4 e5 2.Nf3 Nc6 3.Bb5 a6 4.Ba4 Nf6 5.O-O Be7 6.Re1 b5 7.Bb3 d6 8.c3 O-O 
9.h3 Re8 10.d4 Bb7 11.Ng5 Rf8 12.f4 exf4 13.Bxf4 Na5 14.Bc2 Nd5 15.exd5 
Bxg5 16.Qh5 h6 17.Nd2 Bxd5 18.Ne4 Bxf4 19.Qf5 g6 20.Nf6+ Kg7 21.Nh5+ gxh5 
22.Qh7+ Kf6 23.Qf5+ Kg7 24.Qh7+ Kf6 25.Qf5+ 1/2-1/2

[Event "19th EUR-ch"]
[Site "Batumi GEO"]
[Date "2018.03.28"]
[Round "11.24"]
[White "Yuffa, Daniil"]
[Black "Yilmaz, Mustafa"]
[Result "1-0"]
[WhiteElo "2521"]
[BlackElo "2619"]
[EventDate "2018.03.17"]
[PlyCount "123"]

1.d4 Nf6 2.c4 e6 3.g3 c5 4.d5 exd5 5.cxd5 d6 6.Nc3 g6 7.Bg2 Bg7 8.Nf3 O-O 
9.O-O Re8 10.Bf4 Bf5 11.Nh4 Bc8 12.Nf3 Bf5 13.Nh4 Bc8 14.Qc1 a6 15.a4 Qe7 
16.Nf3 Nbd7 17.Rb1 Ng4 18.Bg5 Qf8 19.b4 cxb4 20.Rxb4 Nc5 21.Bf4 Bd7 22.Rb6
Rec8 23.Qa3 Qd8 24.Rxd6 b5 25.h3 Qa5 26.Na2 Bf8 27.hxg4 Ne4 28.Ne5 Bxd6 
29.Qe3 Bxe5 30.Bxe5 Re8 31.Qxe4 f6 32.Bc3 Rxe4 33.Bxa5 Rxa4 34.d6 Re8 35.
Bb6 Kg7 36.Nc3 Rc4 37.Nd5 Rxe2 38.Bd8 Kf7 39.Nf4 Rd2 40.Re1 Rxd6 41.Bd5+ 
Rxd5 42.Nxd5 Be6 43.Nf4 Bxg4 44.Re7+ Kg8 45.Nd5 Bf3 46.Nxf6+ Kf8 47.Nxh7+ 
Kg8 48.Nf6+ Kf8 49.Re1 Bc6 50.Nh7+ Kg7 51.Ng5 b4 52.f4 b3 53.Re6 Rc2 54.
Bf6+ Kh6 55.g4 Rg2+ 56.Kf1 Rxg4 57.Rxc6 Rxf4+ 58.Ke2 a5 59.Nf3 Rg4 60.Rc8 
Rg2+ 61.Ke3 g5 62.Ne5 1-0

[Event "19th EUR-ch"]
[Site "Batumi GEO"]
[Date "2018.03.28"]
[Round "11.26"]
[White "Sargissian, Gabriel"]
[Black "Pantsulaia, Levan"]
[Result "1-0"]
[WhiteElo "2677"]
[BlackElo "2593"]
[EventDate "2018.03.17"]
[PlyCount "71"]

1.Nf3 Nf6 2.c4 c5 3.Nc3 e6 4.g3 b6 5.Bg2 Bb7 6.O-O d6 7.Re1 Be7 8.e4 a6 9.
d4 cxd4 10.Nxd4 Qc7 11.Be3 Nbd7 12.f4 O-O 13.Rc1 Rfe8 14.g4 h6 15.g5 hxg5 
16.fxg5 Nh7 17.g6 Nhf8 18.gxf7+ Kxf7 19.Nd5 Qd8 20.Nxe7 Qxe7 21.Nf3 Kg8 
22.Ng5 Nh7 23.Nxh7 Kxh7 24.Qh5+ Kg8 25.Bg5 Qf7 26.Qxf7+ Kxf7 27.Red1 Nf6 
28.Bxf6 gxf6 29.Rxd6 Rad8 30.Rcd1 Rxd6 31.Rxd6 b5 32.Rd7+ Re7 33.Rxe7+ 
Kxe7 34.e5 Bc8 35.c5 b4 36.Ba8 1-0

[Event "19th EUR-ch"]
[Site "Batumi GEO"]
[Date "2018.03.28"]
[Round "11.27"]
[White "Motylev, Alexander"]
[Black "Donchenko, Alexander"]
[Result "1-0"]
[WhiteElo "2669"]
[BlackElo "2588"]
[EventDate "2018.03.17"]
[PlyCount "79"]

1.e4 c5 2.Nf3 d6 3.d4 cxd4 4.Nxd4 Nf6 5.Nc3 a6 6.a3 g6 7.f3 Bg7 8.Be3 Nbd7
9.g4 h6 10.Qd2 Qc7 11.O-O-O Ne5 12.h4 Be6 13.Nxe6 fxe6 14.Qg2 Rc8 15.Kb1 
Nc4 16.Bxc4 Qxc4 17.Bd4 Kf7 18.f4 h5 19.gxh5 gxh5 20.e5 Ng4 21.Ne4 dxe5 
22.Ng5+ Ke8 23.fxe5 Rf8 24.Qxb7 Qxc2+ 25.Ka1 Qc6 26.Qb3 Bxe5 27.Rc1 Qd7 
28.Bxe5 Nxe5 29.Nxe6 Rf3 30.Rxc8+ Qxc8 31.Qd5 Qc6 32.Qd8+ Kf7 33.Ng5+ Kg6 
34.Nxf3 Qxf3 35.Rg1+ Kf7 36.Qg8+ Kf6 37.Qf8+ Nf7 38.Qg7+ Ke6 39.Re1+ Kd7 
40.Qd4+ 1-0

[Event "19th EUR-ch"]
[Site "Batumi GEO"]
[Date "2018.03.28"]
[Round "11.29"]
[White "Gajewski, Grzegorz"]
[Black "Sutovsky, Emil"]
[Result "1-0"]
[WhiteElo "2588"]
[BlackElo "2659"]
[EventDate "2018.03.17"]
[PlyCount "51"]

1.Nf3 g6 2.e4 d6 3.d4 Nf6 4.Nc3 Bg7 5.Be2 O-O 6.O-O Nc6 7.h3 a6 8.Be3 b5 
9.a3 Bb7 10.e5 Nd7 11.e6 fxe6 12.Ng5 e5 13.Ne6 Qb8 14.dxe5 Ncxe5 15.Nxf8 
Qxf8 16.a4 Nc4 17.axb5 Nxb2 18.Qe1 axb5 19.Nxb5 Ne5 20.Rb1 Qf5 21.Bd4 Qg5 
22.f3 Rf8 23.h4 Qf4 24.Bxb2 Qe3+ 25.Qf2 Bh6 26.Bc1 1-0

[Event "19th EUR-ch"]
[Site "Batumi GEO"]
[Date "2018.03.28"]
[Round "11.30"]
[White "Esipenko, Andrey"]
[Black "Krasenkow, Michal"]
[Result "1-0"]
[WhiteElo "2581"]
[BlackElo "2644"]
[EventDate "2018.03.17"]
[PlyCount "93"]

1.d4 d5 2.c4 e6 3.Nc3 c6 4.e3 Bd6 5.Nf3 f5 6.Bd3 Nf6 7.O-O O-O 8.b3 Ne4 9.
Ne2 Nd7 10.Bb2 b6 11.cxd5 cxd5 12.Ne5 Bb7 13.Bb5 Nxe5 14.dxe5 Bc5 15.Nd4 
Qe7 16.f3 Ng5 17.Qe2 Rac8 18.Rac1 Rc7 19.b4 Bxd4 20.Rxc7 Qxc7 21.exd4 Qe7 
22.a3 Nf7 23.Bd3 Rc8 24.b5 Qg5 25.a4 Nh8 26.g3 h5 27.a5 bxa5 28.Ra1 h4 29.
f4 Qh6 30.Rxa5 hxg3 31.hxg3 g5 32.Qh2 Qg7 33.Rxa7 gxf4 34.Kf2 Rc7 35.gxf4 
Qf8 36.Ra1 Rg7 37.Rh1 Ng6 38.Ke3 Kf7 39.Qh5 Qb4 40.Bc1 Bc8 41.Bd2 Qa3 42.
Rc1 Bd7 43.Rc7 Ke8 44.b6 Bb5 45.Rc3 Qa6 46.Rb3 Bxd3 47.b7 1-0

[Event "19th EUR-ch"]
[Site "Batumi GEO"]
[Date "2018.03.28"]
[Round "11.31"]
[White "Kovalenko, Igor"]
[Black "Deac, Bogdan-Daniel"]
[Result "1-0"]
[WhiteElo "2642"]
[BlackElo "2572"]
[EventDate "2018.03.17"]
[PlyCount "75"]

1.d4 Nf6 2.c4 g6 3.Nc3 d5 4.Bg5 c5 5.Bxf6 exf6 6.Nf3 dxc4 7.Qa4+ Bd7 8.
Qxc4 Qa5 9.e3 cxd4 10.Qxd4 Be7 11.Bc4 Bc6 12.O-O-O O-O 13.Kb1 Kg7 14.Nd5 
Rd8 15.Qe4 Qc5 16.h4 Nd7 17.h5 Nb6 18.hxg6 hxg6 19.Qf4 Rh8 20.Nd4 Bd7 21.
Nxb6 Qxb6 22.Qe4 Bd6 23.Qd5 Raf8 24.Rxh8 Kxh8 25.Bb3 Bc8 26.Qe4 Kg7 27.Rh1
f5 28.Qh4 f4 29.g4 fxg3 30.fxg3 Qa6 31.g4 Qd3+ 32.Bc2 Qxe3 33.g5 Bh3 34.
Qh6+ Kg8 35.Qxh3 Qxh3 36.Rxh3 Re8 37.Bb3 Re4 38.Rd3 1-0

[Event "19th EUR-ch"]
[Site "Batumi GEO"]
[Date "2018.03.28"]
[Round "11.32"]
[White "Stocek, Jiri"]
[Black "Movsesian, Sergei"]
[Result "1/2-1/2"]
[WhiteElo "2567"]
[BlackElo "2632"]
[EventDate "2018.03.17"]
[PlyCount "28"]

1.d4 Nf6 2.c4 e6 3.Nf3 d5 4.g3 Bb4+ 5.Bd2 Be7 6.Bg2 c6 7.O-O O-O 8.Qc2 
Nbd7 9.Rd1 b6 10.Bf4 Bb7 11.Ne5 Nh5 12.Bd2 Nhf6 13.Bf4 Nh5 14.Bd2 Nhf6 
1/2-1/2

[Event "19th EUR-ch"]
[Site "Batumi GEO"]
[Date "2018.03.28"]
[Round "11.33"]
[White "Lupulescu, Constantin"]
[Black "Palac, Mladen"]
[Result "1/2-1/2"]
[WhiteElo "2627"]
[BlackElo "2546"]
[EventDate "2018.03.17"]
[PlyCount "39"]

1.e4 c5 2.Nf3 d6 3.d4 cxd4 4.Nxd4 Nf6 5.Nc3 a6 6.g3 e5 7.Nb3 Be7 8.Bg2 b5 
9.Nd5 Nxd5 10.Qxd5 Ra7 11.Be3 Be6 12.Qd2 Ra8 13.O-O O-O 14.f4 a5 15.f5 Bc4
16.Rfe1 Nd7 17.Rad1 Qc7 18.Nc1 f6 19.g4 Rfc8 20.c3 1/2-1/2

[Event "19th EUR-ch"]
[Site "Batumi GEO"]
[Date "2018.03.28"]
[Round "11.34"]
[White "Santos Latasa, Jaime"]
[Black "Zhigalko, Sergei"]
[Result "1/2-1/2"]
[WhiteElo "2549"]
[BlackElo "2625"]
[EventDate "2018.03.17"]
[PlyCount "34"]

1.d4 Nf6 2.c4 e6 3.Nf3 b6 4.g3 Ba6 5.Qc2 Bb7 6.Bg2 c5 7.d5 exd5 8.cxd5 
Nxd5 9.O-O Nc6 10.Rd1 Be7 11.Qa4 Nf6 12.Nh4 O-O 13.Nf5 d5 14.Nc3 Nd4 15.
Nxd4 cxd4 16.Rxd4 Bc5 17.Rd3 Qe8 1/2-1/2

[Event "19th EUR-ch"]
[Site "Batumi GEO"]
[Date "2018.03.28"]
[Round "11.35"]
[White "Boruchovsky, Avital"]
[Black "Vocaturo, Daniele"]
[Result "1/2-1/2"]
[WhiteElo "2542"]
[BlackElo "2620"]
[EventDate "2018.03.17"]
[PlyCount "81"]

1.e4 e5 2.Nf3 Nf6 3.Nxe5 d6 4.Nf3 Nxe4 5.d3 Nf6 6.d4 d5 7.Bd3 c5 8.dxc5 
Bxc5 9.O-O O-O 10.Nc3 Nc6 11.h3 Re8 12.a3 Ne4 13.Bxe4 dxe4 14.Qxd8 Nxd8 
15.Re1 f5 16.Be3 Bxe3 17.Rxe3 Ne6 18.Ne1 Bd7 19.f3 Bc6 20.fxe4 fxe4 21.Rd1
Nf4 22.b4 a6 23.Kh2 Rad8 24.Rxd8 Rxd8 25.Nxe4 Re8 26.Nd3 Nd5 27.Re2 Nxb4 
28.Nxb4 Rxe4 29.Rd2 Ba4 30.Rd5 Kf7 31.Rc5 Bb5 32.Rc7+ Re7 33.Rc8 a5 34.Nd5
Rd7 35.Rc5 Bc6 36.c4 a4 37.Ra5 Ke6 38.Kg3 Rd6 39.Kf4 Bxd5 40.cxd5+ Rxd5 
41.Rxa4 1/2-1/2

[Event "19th EUR-ch"]
[Site "Batumi GEO"]
[Date "2018.03.28"]
[Round "11.36"]
[White "Romanov, Evgeny"]
[Black "Harutyunian, Tigran K."]
[Result "1-0"]
[WhiteElo "2619"]
[BlackElo "2501"]
[EventDate "2018.03.17"]
[PlyCount "91"]

1.Nf3 d5 2.d3 Nf6 3.Nbd2 c5 4.e4 Nc6 5.c3 e5 6.a4 g6 7.g3 Bg7 8.Bg2 O-O 9.
O-O Re8 10.Re1 h6 11.exd5 Nxd5 12.a5 Rb8 13.Qa4 Re6 14.Qc4 b5 15.Qa2 Nc7 
16.Ne4 Na6 17.Be3 Bf8 18.Nh4 Kg7 19.f4 exf4 20.Bxf4 Rb7 21.b3 Rd7 22.Qd2 
Rxd3 23.Bxh6+ Kg8 24.Qf4 Qc7 25.Nf6+ Rxf6 26.Qxf6 Rd6 27.Qf4 Bxh6 28.Qxh6 
Qd8 29.Nf3 Qf8 30.Qh4 f6 31.Rad1 Rxd1 32.Rxd1 Kg7 33.g4 Nc7 34.g5 Ne6 35.
Qh6+ Kf7 36.Qxf8+ Nxf8 37.Rd6 Nxa5 38.Rxf6+ Kg7 39.Ne5 Be6 40.b4 cxb4 41.
cxb4 Nc4 42.Nxg6 Nxg6 43.Rxe6 Nf4 44.Rf6 Nd3 45.h4 Nce5 46.h5 1-0

[Event "19th EUR-ch"]
[Site "Batumi GEO"]
[Date "2018.03.28"]
[Round "11.37"]
[White "Paravian, David"]
[Black "Gabrielian, Artur"]
[Result "1-0"]
[WhiteElo "2613"]
[BlackElo "2493"]
[EventDate "2018.03.17"]
[PlyCount "73"]

1.Nf3 c5 2.e4 d6 3.d4 cxd4 4.Nxd4 Nf6 5.Nc3 Nc6 6.g3 e6 7.Bg2 Bd7 8.Nb3 
Be7 9.g4 h6 10.h4 d5 11.exd5 Nxd5 12.Bd2 Qc7 13.Qf3 Ncb4 14.O-O Bxh4 15.a3
Nxc3 16.axb4 Nd5 17.Ra5 Bg5 18.Rc5 Qb6 19.c4 Bxd2 20.Nxd2 Nxb4 21.Ne4 O-O 
22.g5 f5 23.gxf6 Bc6 24.Rh5 Rf7 25.Qg4 Bxe4 26.Bxe4 Rxf6 27.Rb5 Qd6 28.
Rxb7 g5 29.Rxb4 Raf8 30.Rb3 Qe5 31.Bg2 Rf4 32.Qg3 Qf5 33.Rb5 Qf6 34.b3 a6 
35.Ra5 Kh8 36.Qe3 Qg6 37.Rxa6 1-0

[Event "19th EUR-ch"]
[Site "Batumi GEO"]
[Date "2018.03.28"]
[Round "11.38"]
[White "Alekseenko, Kirill"]
[Black "Minasian, Artashes"]
[Result "1-0"]
[WhiteElo "2609"]
[BlackElo "2467"]
[EventDate "2018.03.17"]
[PlyCount "65"]

1.e4 c6 2.d4 d5 3.e5 Bf5 4.Nf3 e6 5.Be2 Nd7 6.O-O Bg6 7.Nbd2 Nh6 8.Nb3 Nf5
9.a4 Be7 10.a5 a6 11.c3 O-O 12.g4 Nh6 13.h3 Kh8 14.Be3 Qc7 15.Nc1 f6 16.
exf6 Bxf6 17.Nd3 Bxd3 18.Bxd3 e5 19.g5 e4 20.gxh6 exd3 21.Qxd3 Rae8 22.Kh1
Qd6 23.Rg1 g6 24.Rae1 Bd8 25.Bg5 Rxe1 26.Rxe1 Bxg5 27.Nxg5 Rxf2 28.Re8+ 
Nf8 29.Re5 Qf6 30.Qe3 Rxb2 31.Qf3 Qxf3+ 32.Nxf3 Rf2 33.Re3 1-0

[Event "19th EUR-ch"]
[Site "Batumi GEO"]
[Date "2018.03.28"]
[Round "11.39"]
[White "Nguyen, Thai Dai Van"]
[Black "Bartel, Mateusz"]
[Result "1-0"]
[WhiteElo "2517"]
[BlackElo "2609"]
[EventDate "2018.03.17"]
[PlyCount "201"]

1.e4 e5 2.Nf3 Nc6 3.Bc4 Nf6 4.d3 Be7 5.O-O O-O 6.Re1 d6 7.a4 Na5 8.Ba2 c5 
9.c3 Nc6 10.Na3 h6 11.Nc2 Re8 12.Ne3 Bf8 13.Bd2 Be6 14.Bxe6 Rxe6 15.Qb3 
Rb8 16.Qa2 Nh5 17.Rad1 Nf4 18.Bc1 Re8 19.g3 Ne6 20.Nd5 Qa5 21.Qb3 b5 22.
axb5 Rxb5 23.Qc2 Qa2 24.Qe2 Rb7 25.Nh4 Ne7 26.Ne3 Qa4 27.Nc4 Qd7 28.Be3 g5
29.Nf3 f5 30.d4 cxd4 31.cxd4 f4 32.Bc1 Ng6 33.dxe5 g4 34.Nd4 f3 35.Nxf3 
gxf3 36.Qxf3 Rb4 37.Qh5 Rxc4 38.Qxg6+ Ng7 39.exd6 Re6 40.Qg4 Kh7 41.Bf4 
Qd8 42.Qe2 Rb4 43.Qd2 Rb7 44.e5 Rg6 45.Qc2 Ne6 46.Be3 Rf7 47.Qe4 Ng7 48.
Rc1 h5 49.Rc4 Qe8 50.Rec1 Qe6 51.Rc7 Rf5 52.d7 Be7 53.Qd3 Rxe5 54.R1c6 Qf5
55.d8=Q Bxd8 56.Qxd8 Rxc6 57.Rxc6 Rxe3 58.fxe3 Qb1+ 59.Kf2 Qxb2+ 60.Kf3 
Qb1 61.Ke2 Qb2+ 62.Qd2 Qe5 63.Qc2+ Nf5 64.Rc7+ Kh6 65.Qc6+ Kg5 66.Qc3 Qd5 
67.h4+ Kg4 68.Rc4+ Kh3 69.e4 Qe6 70.Kf2 Ng7 71.g4+ Kxh4 72.Qg3+ Kg5 73.
gxh5+ Kxh5 74.Rc5+ Kh6 75.Qh4+ Kg6 76.Qg5+ Kh7 77.Qh4+ Kg8 78.Qd8+ Kh7 79.
Qd5 Qg4 80.Rc6 Qf4+ 81.Ke2 Qg4+ 82.Kd2 Qg2+ 83.Kc3 a5 84.Kb3 Qh1 85.Ka2 a4
86.Rc2 Qf3 87.Qc4 Kg6 88.Qxa4 Ne6 89.Qc6 Kf7 90.Qd5 Qf4 91.Rb2 Qg4 92.Rf2+
Ke7 93.Qb7+ Kd6 94.Qd5+ Ke7 95.Qb7+ Kd6 96.Qb4+ Kd7 97.Rf7+ Kc6 98.Qc4+ 
Kb6 99.Qb4+ Kc6 100.Qb7+ Kc5 101.Qd5+ 1-0

[Event "19th EUR-ch"]
[Site "Batumi GEO"]
[Date "2018.03.28"]
[Round "11.40"]
[White "Steinberg, Nitzan"]
[Black "Andersen, Mads"]
[Result "1-0"]
[WhiteElo "2518"]
[BlackElo "2605"]
[EventDate "2018.03.17"]
[PlyCount "109"]

1.e4 c5 2.Nf3 d6 3.d4 cxd4 4.Nxd4 Nf6 5.Nc3 a6 6.Be2 e6 7.f4 Be7 8.O-O O-O
9.Kh1 Qc7 10.a3 b5 11.Bf3 Bb7 12.e5 dxe5 13.fxe5 Nfd7 14.Bf4 Nc6 15.Bxc6 
Bxc6 16.Qg4 Kh8 17.Rae1 Bb7 18.Re3 Qc4 19.Rd1 f5 20.Qh5 g6 21.Qh6 Rf7 22.
b3 Qc5 23.Nxe6 Qc6 24.Nd5 Qxe6 25.Nxe7 Rxe7 26.Rd6 Qg8 27.Bg5 Qe8 28.Bxe7 
Qxe7 29.Rxg6 Nf8 30.Rf6 Be4 31.e6 Qg7 32.Qxg7+ Kxg7 33.Rf7+ Kg8 34.Rg3+ 
Ng6 35.h4 Rf8 36.h5 Rxf7 37.exf7+ Kxf7 38.hxg6+ hxg6 39.Rc3 Ke6 40.Rc5 Kd6
41.b4 Bd5 42.Kg1 f4 43.Kf2 g5 44.g3 Be4 45.Rxg5 fxg3+ 46.Ke3 Bxc2 47.Kd4 
Bb1 48.Rxg3 Kc6 49.Rf3 Kb6 50.Rf6+ Ka7 51.Kc5 Be4 52.Rf7+ Bb7 53.Re7 a5 
54.Kxb5 axb4 55.axb4 1-0

[Event "19th EUR-ch"]
[Site "Batumi GEO"]
[Date "2018.03.28"]
[Round "11.41"]
[White "Sanikidze, Tornike"]
[Black "Can, Emre"]
[Result "1/2-1/2"]
[WhiteElo "2501"]
[BlackElo "2603"]
[EventDate "2018.03.17"]
[PlyCount "52"]

1.d4 d5 2.c4 e6 3.Nc3 c6 4.e3 Bd6 5.Bd3 f5 6.f4 Nf6 7.Nf3 O-O 8.O-O b6 9.
Bd2 Ne4 10.Rc1 Bb7 11.Be1 Nd7 12.Bh4 Ndf6 13.Ne5 Qe8 14.Nxe4 dxe4 15.Be2 
c5 16.Qb3 h6 17.dxc5 Bxc5 18.Rcd1 Bc6 19.Qc3 a5 20.a3 a4 21.Rd2 Rc8 22.
Rfd1 Be7 23.Qd4 Bc5 24.Qc3 Be7 25.Qd4 Bc5 26.Qc3 Be7 1/2-1/2

[Event "19th EUR-ch"]
[Site "Batumi GEO"]
[Date "2018.03.28"]
[Round "11.42"]
[White "Sargsian, Shant"]
[Black "Bologan, Viorel"]
[Result "1/2-1/2"]
[WhiteElo "2481"]
[BlackElo "2600"]
[EventDate "2018.03.17"]
[PlyCount "93"]

1.d4 Nf6 2.c4 e6 3.Nf3 b6 4.g3 Bb7 5.Bg2 Be7 6.O-O O-O 7.Re1 Na6 8.a3 c5 
9.d5 exd5 10.Nh4 Ne4 11.cxd5 Bxh4 12.Bxe4 Bf6 13.Qc2 h6 14.Nc3 Nc7 15.d6 
Bxe4 16.Qxe4 Ne6 17.Nd5 Rc8 18.Qg4 Re8 19.e4 Be5 20.Bxh6 Rc6 21.Rad1 Rxd6 
22.f4 Bxb2 23.e5 Rxd5 24.Rxd5 Kf8 25.Rxd7 Bd4+ 26.Kg2 Qc8 27.Rxa7 gxh6 28.
Qf5 Re7 29.Rxe7 Qc6+ 30.Kh3 Kxe7 31.Qf6+ Ke8 32.Qxh6 Qf3 33.Qh8+ Kd7 34.
Qf6 Kc8 35.Kh4 Nxf4 36.Qf5+ Kb8 37.gxf4 Bf2+ 38.Kg5 Bxe1 39.Qxf7 Qg2+ 40.
Kf5 Qh3+ 41.Ke4 Qg2+ 42.Kf5 Qc6 43.e6 Qd5+ 44.Kg6 Qg2+ 45.Kf5 Qd5+ 46.Kg6 
Qg2+ 47.Kf5 1/2-1/2

[Event "19th EUR-ch"]
[Site "Batumi GEO"]
[Date "2018.03.28"]
[Round "11.43"]
[White "Mikaelyan, Arman"]
[Black "Mchedlishvili, Mikheil"]
[Result "1/2-1/2"]
[WhiteElo "2486"]
[BlackElo "2600"]
[EventDate "2018.03.17"]
[PlyCount "107"]

1.d4 Nf6 2.c4 g6 3.Nc3 d5 4.Bf4 Bg7 5.e3 c5 6.dxc5 Qa5 7.Rc1 dxc4 8.Bxc4 
O-O 9.Nf3 Qxc5 10.Bb3 Nc6 11.O-O Qa5 12.h3 Bf5 13.Qe2 Ne4 14.Nd5 e5 15.
Rxc6 bxc6 16.Ne7+ Kh8 17.Nxc6 Qb6 18.Ncxe5 Be6 19.Bxe6 Qxe6 20.Qc2 f5 21.
Qa4 a6 22.Rd1 Rad8 23.Rxd8 Rxd8 24.Nd4 Qe8 25.Qa5 Rc8 26.Ndc6 g5 27.Qd5 
Bf6 28.Bh2 f4 29.Bxf4 gxf4 30.Qxe4 Rxc6 31.Qxc6 Qxe5 32.Qxa6 fxe3 33.Qa8+ 
Kg7 34.Qa7+ Kg6 35.Qxe3 Qxb2 36.Qg3+ Kh6 37.Qf4+ Kg7 38.Qg4+ Kh6 39.a4 Bd4
40.Qf4+ Kg6 41.Qg3+ Kf6 42.Qd6+ Kf7 43.Qd5+ Kf6 44.Qc6+ Kg7 45.Qc7+ Kf6 
46.Qd8+ Ke6 47.Qg8+ Kf6 48.Qd8+ Ke6 49.Qh4 Qa1+ 50.Kh2 Qb2 51.Qh6+ Kd5 52.
Qg5+ Kc4 53.Qg8+ Kc3 54.Qg3+ 1/2-1/2

[Event "19th EUR-ch"]
[Site "Batumi GEO"]
[Date "2018.03.28"]
[Round "11.44"]
[White "Lobanov, Sergei"]
[Black "Predke, Alexander"]
[Result "1/2-1/2"]
[WhiteElo "2468"]
[BlackElo "2595"]
[EventDate "2018.03.17"]
[PlyCount "34"]

1.e4 e5 2.Nf3 Nc6 3.Bb5 a6 4.Ba4 Nf6 5.O-O Be7 6.Re1 d6 7.c3 Bg4 8.h3 Bh5 
9.d3 Nd7 10.Nbd2 Nc5 11.Bxc6+ bxc6 12.Nf1 Ne6 13.Ng3 Bxf3 14.Qxf3 Bg5 15.
Be3 c5 16.Ne2 O-O 17.d4 cxd4 1/2-1/2

[Event "19th EUR-ch"]
[Site "Batumi GEO"]
[Date "2018.03.28"]
[Round "11.45"]
[White "Smirin, Ilia"]
[Black "Asadli, Vugar"]
[Result "1/2-1/2"]
[WhiteElo "2594"]
[BlackElo "2449"]
[EventDate "2018.03.17"]
[PlyCount "36"]

1.e4 c5 2.Nf3 d6 3.d4 cxd4 4.Nxd4 Nf6 5.Nc3 g6 6.Be3 Bg7 7.f3 Nc6 8.Qd2 
O-O 9.Bc4 Bd7 10.O-O-O Rb8 11.g4 b5 12.Bb3 a5 13.Ndxb5 Ne5 14.Qe2 Nxf3 15.
Qxf3 Bxb5 16.Nxb5 Rxb5 17.a4 Rb4 18.Bd2 Rb8 1/2-1/2

[Event "19th EUR-ch"]
[Site "Batumi GEO"]
[Date "2018.03.28"]
[Round "11.46"]
[White "Meier, Georg"]
[Black "Perunovic, Miodrag"]
[Result "1-0"]
[WhiteElo "2648"]
[BlackElo "2429"]
[EventDate "2018.03.17"]
[PlyCount "109"]

1.Nf3 Nf6 2.g3 b6 3.Bg2 Bb7 4.O-O c5 5.c4 e6 6.Nc3 Be7 7.d4 cxd4 8.Qxd4 
Nc6 9.Qf4 O-O 10.Rd1 d6 11.b3 Qb8 12.Bb2 Rd8 13.e4 a6 14.Qe3 Qc7 15.Rac1 
Ne5 16.Nd4 Rac8 17.Qe2 Bf8 18.f4 Ned7 19.f5 Re8 20.fxe6 fxe6 21.Bh3 Nc5 
22.Rf1 Qf7 23.Rce1 Qg6 24.Bg2 d5 25.e5 Nfe4 26.cxd5 exd5 27.Nf5 Nxc3 28.
Bxc3 Ne4 29.Bd4 Bb4 30.Rd1 Rf8 31.g4 Qe6 32.Qe3 Rc2 33.Bxe4 dxe4 34.Qg5 
Qg6 35.Qxg6 hxg6 36.Nd6 Rxf1+ 37.Kxf1 Bc6 38.Bxb6 Rxh2 39.Rd4 Rh1+ 40.Kf2 
Be1+ 41.Ke3 Rh3+ 42.Ke2 e3 43.Rf4 Bg3 44.Rc4 Bd7 45.Re4 Rh2+ 46.Kxe3 Bf2+ 
47.Kd3 Bxb6 48.e6 Bc6 49.Rc4 Rh3+ 50.Kc2 Rh2+ 51.Kb1 Bd4 52.Rxc6 Kf8 53.
Rc7 Re2 54.Rf7+ Kg8 55.e7 1-0

[Event "19th EUR-ch"]
[Site "Batumi GEO"]
[Date "2018.03.28"]
[Round "11.47"]
[White "Arutinian, David"]
[Black "Kuzubov, Yuriy"]
[Result "1-0"]
[WhiteElo "2536"]
[BlackElo "2689"]
[EventDate "2018.03.17"]
[PlyCount "83"]

1.d4 Nf6 2.c4 e6 3.Nf3 b6 4.a3 Bb7 5.Nc3 d5 6.Bg5 Be7 7.e3 h6 8.Bh4 O-O 9.
Rc1 Nbd7 10.cxd5 exd5 11.Be2 c5 12.O-O Rc8 13.Bg3 Nh5 14.dxc5 Nxg3 15.hxg3
Nxc5 16.Nd4 Bf6 17.Bg4 Ra8 18.b4 Bxd4 19.exd4 Ne4 20.Re1 Qf6 21.Bf3 Rfe8 
22.Bxe4 dxe4 23.d5 Rac8 24.Rxe4 Rxe4 25.Nxe4 Qb2 26.Rxc8+ Bxc8 27.Nd6 Bd7 
28.Qf3 f5 29.Kh2 Qf6 30.Nc4 g5 31.Qd3 f4 32.Qe4 fxg3+ 33.fxg3 Kf8 34.Ne5 
Bf5 35.Qd4 Ke7 36.a4 Bd7 37.a5 bxa5 38.bxa5 Qd6 39.Nc4 Qb4 40.d6+ Kd8 41.
Qh8+ Be8 42.Ne5 1-0